Rural development in action : (Record no. 34082)
[ view plain ]
| 000 -LEADER | |
|---|---|
| fixed length control field | 00902nam a2200253 a 4500 |
| 001 - CONTROL NUMBER | |
| control field | 34082 |
| 003 - CONTROL NUMBER IDENTIFIER | |
| rucl marc code | BD-RJUL |
| 005 - DATE AND TIME OF LATEST TRANSACTION | |
| control field | 20211209052113.0 |
| 008 - FIXED-LENGTH DATA ELEMENTS--GENERAL INFORMATION | |
| fixed length control field | 140514t1970 nyuab 001 0 eng d |
| 020 ## - INTERNATIONAL STANDARD BOOK NUMBER | |
| International Standard Book Number | 080140570X |
| 035 ## - SYSTEM CONTROL NUMBER | |
| System control number | (BD-RJUL)34176 |
| 040 ## - CATALOGING SOURCE | |
| Original cataloging agency | DLC |
| Transcribing agency | DLC |
| Modifying agency | m.c |
| -- | EUX |
| -- | BD-RjuL |
| Language of cataloging | eng |
| 041 ## - LANGUAGE CODE | |
| Language code of text/sound track or separate title | eng |
| 082 ## - DEWEY DECIMAL CLASSIFICATION NUMBER | |
| Classification number | 301.350954923 |
| Author mark and year | RAR 1970 |
| 100 1# - MAIN ENTRY--PERSONAL NAME | |
| Personal name | Raper, Arthur Franklin, |
| Dates associated with a name | 1899-1979 |
| 9 (RLIN) | 103594 |
| 245 10 - TITLE STATEMENT | |
| Title | Rural development in action : |
| Remainder of title | the comprehensive experiment at Comilla, East Pakistan / |
| Statement of responsibility, etc. | by Arthur F. Raper ; assisted by Harry L. Case ... [et al.] |
| 260 ## - PUBLICATION, DISTRIBUTION, ETC. (IMPRINT) | |
| Place of publication, distribution, etc. | Ithaca ; |
| -- | London : |
| Name of publisher, distributor, etc. | Cornell University Press, |
| Date of publication, distribution, etc. | 1970. |
| 300 ## - PHYSICAL DESCRIPTION | |
| Pagination | xx, 351 p. : |
| Illustrations | ill., ; |
| Size | 23 cm |
| 504 ## - BIBLIOGRAPHY, ETC. NOTE | |
| Bibliography, etc | Includes bibliographical reference and index. |
| 650 #0 - SUBJECT ADDED ENTRY--TOPICAL TERM | |
| Topical term or geographic name as entry element | Community development |
| Geographic subdivision | Pakistan |
| -- | Comilla (Thana) |
| 9 (RLIN) | 103595 |
| 942 ## - ADDED ENTRY ELEMENTS (KOHA) | |
| Source of classification or shelving scheme | Dewey Decimal Classification |
| Koha item type | Books |
| Lost status | Source of classification or shelving scheme | Damaged status | Not for loan | Collection code | Permanent Location | Current Location | Shelving location | Date acquired | Source of acquisition | Cost, normal purchase price | Total Checkouts | Full call number | Date last seen | Copy number | Koha item type |
|---|---|---|---|---|---|---|---|---|---|---|---|---|---|---|---|
| Dewey Decimal Classification | Not For Loan | Non-fiction | Central Library, University of Rajshahi | Central Library, University of Rajshahi | Reading Room | 12/05/1977 | w. haffer and sons | 12.20 | 301.350954923 RAR 1970 | 14/05/2014 | C-1 | Books |